Didaskalikós : (Record no. 198146)

MARC details
000 -LEADER
campo de control de longitud fija 01523nam a22003734a 4500
001 - NÚMERO DE CONTROL
campo de control 198146
003 - IDENTIFICADOR DE NÚMERO DE CONTROL
campo de control ES-MaACL
005 - FECHA Y HORA DE LA ÚLTIMA TRANSACCIÓN
campo de control 20260610190240.0
007 - CAMPO FIJO DE DESCRIPCIÓN FÍSICA--INFORMACIÓN GENERAL
campo de control de longitud fija ta
008 - DATOS DE LONGITUD FIJA--INFORMACIÓN GENERAL
campo de control de longitud fija 260309s2025 sp ||||| |||| 001 0 spa d
017 ## - NÚMERO DE COPYRIGHT O DE DEPÓSITO LEGAL
Número de copyright o de depósito legal M 22118-2025
Agencia que asigna Oficina Depósito Legal Madrid
020 ## - NÚMERO INTERNACIONAL ESTÁNDAR DEL LIBRO
Número Internacional Estándar del Libro 978-84-8344-992-9
040 ## - FUENTE DE CATALOGACIÓN
Lengua de catalogación spa
Centro/agencia transcriptor ES-MaACL
Centro catalogador/agencia de origen ES-MaACL
Normas de descripción rda
080 ## - NÚMERO DE LA CLASIFICACIÓN DECIMAL UNIVERSAL
Número de la Clasificación Decimal Universal 141.131
100 0# - ENTRADA PRINCIPAL--NOMBRE DE PERSONA
Nombre de persona Alcínoo
Relación aut
9 (RLIN) 243202
Término indicativo de función/relación Autor
245 ## - MENCIÓN DEL TÍTULO
Título Didaskalikós :
Resto del título enseñanzas de las doctrinas de Platón /
Mención de responsabilidad, etc. Alcínoo ; introducción, traducción y notas de Tomás Rodríguez Hevia
250 ## - MENCION DE EDICION
Mención de edición Primera edición, diciembre 2025
264 #1 - PRODUCCIÓN, PUBLICACIÓN, DISTRIBUCIÓN, FABRICACIÓN Y COPYRIGHT
Producción, publicación, distribución, fabricación y copyright Madrid :
Nombre del de productor, editor, distribuidor, fabricante UAM Ediciones,
Fecha de producción, publicación, distribución, fabricación o copyright 2025
264 #4 - PRODUCCIÓN, PUBLICACIÓN, DISTRIBUCIÓN, FABRICACIÓN Y COPYRIGHT
Fecha de producción, publicación, distribución, fabricación o copyright ©2025
300 ## - DESCRIPCIÓN FÍSICA
Extensión 163 páginas ;
Dimensiones 25 cm
336 ## - TIPO DE CONTENIDO
Fuente rdacontent
Término de tipo de contenido texto
337 ## - TIPO DE MEDIO
Fuente rdamedia
Nombre/término del tipo de medio sin mediación
338 ## - TIPO DE SOPORTE
Fuente rdacarrier
Nombre/término del tipo de soporte volumen
490 0# - MENCIÓN DE SERIE
Mención de serie Colección Idea.
Nombre de parte o sección de la obra Metafísica Ontología ;
Designación de volumen o secuencia 2
500 ## - NOTA GENERAL
Nota general Ejemplar firmado y dedicado por el traductor
501 ## - NOTA DE CON
Nota de "Con" Índice
650 #4 - PUNTO DE ACCESO ADICIONAL DE MATERIA--TÉRMINO DE MATERIA
Término de materia o nombre geográfico como elemento de entrada Platonismo
9 (RLIN) 16132
700 1# - ENTRADA AGREGADA--NOMBRE PERSONAL
Nombre de persona Rodríguez Hevia, Tomás
Relación trl
9 (RLIN) 243203
Término indicativo de función/relación Traductor
852 ## - LOCALIZACIÓN
Ubicación ES.MaACL
Ubicación en estantería Depósito 1
Número de control de estantería A-16013
Anotaciones manuscritas Dedicatoria autógrafa del traductor
Donativo/Legado Donación: Tomás Rodríguez Hevia
Encuadernación Encuadernación rústica con solapas
942 ## - ELEMENTOS DE ENTRADA SECUNDARIOS (KOHA)
Tipo de ítem Koha Libro impreso
Suprimir en OPAC No
Holdings
Estatus retirado Estado de pérdida Fuente del sistema de clasificación o colocación Estado de daño No para préstamo Colección Biblioteca de origen Biblioteca actual Ubicación en estantería Fecha de adquisición Fuente de adquisición Total de préstamos Signatura topográfica completa Código de barras Visto por última vez Precio de reemplazo Tipo de ítem Koha Nota pública
    Clasificación decimal universal     Libros con dedicatorias Biblioteca del Ateneo de Madrid Biblioteca del Ateneo de Madrid Depósito 1 09/03/2026 Donación   A-16013 2026-0448 10/06/2026 10/06/2026 Libro impreso Dedicatoria autógrafa del traductor